000 00642nam a2200157 a 4500
001 000027141
005 20200930030629.0
008 110329s1996 dr 000 0 spa d
040 _aDO-SdBNP
_bspa
_cBNPHU
111 1 _aSeminario modelos de sistemas de investigación agropecuaria y forestal en América Latina y el Caribe
_d(1996:
_cSanto Domingo
_n18-19 junio )
_954203
245 1 0 _aSeminario modelos de sistemas de investigación agropecuaria y forestal en América Latina y el Caribe.
260 _aSanto Domingo :
_bFDA,
_c[1996].
300 _a130 p. ;
_c28 cm.
710 1 _aFundación de Desarrollo Agropecuario
_916453
049 _aBNPD
999 _c26633
_d26633